Phát biểu tại buổi tiếp thân mật các nhà khoa học dự hội thảo Quốc tế về Việt Nam học /
Saved in:
| Main Author: | |
|---|---|
| Format: | Article |
| Language: | Vietnamese |
| Subjects: | |
| Tags: |
Add Tag
No Tags, Be the first to tag this record!
|
| Institutions: | Thư viện Trường Đại học Đà Lạt |
|---|
| LEADER | 00867nam a2200277 4500 | ||
|---|---|---|---|
| 001 | DLU090073372 | ||
| 005 | ##20090514 | ||
| 040 | # | # | |a DLU |b vie |
| 041 | # | # | |a vie |
| 044 | # | # | |a vn |
| 100 | # | # | |a Lê Khả Phiêu, |c Tổng bí thư. |
| 245 | # | # | |a Phát biểu tại buổi tiếp thân mật các nhà khoa học dự hội thảo Quốc tế về Việt Nam học / |c Lê Khả Phiêu. |
| 653 | # | # | |a Bài phát biểu |
| 653 | # | # | |a Hội thảo Quốc tế |
| 653 | # | # | |a Nhà khoa học |
| 653 | # | # | |a Việt Nam học |
| 773 | # | # | |t Khoa học Xã hội |g Số 37, 1998, tr. 38-39 |
| 920 | # | # | |a Phòng Tạp chí -- Trung tâm Thông tin - Thư viện Trường Đại học Đà Lạt |
| 994 | # | # | |a DLU |
| 900 | # | # | |a True |
| 911 | # | # | |a Nguyễn Thanh Hương |
| 925 | # | # | |a G |
| 926 | # | # | |a A |
| 927 | # | # | |a BB |
| 980 | # | # | |a Thư viện Trường Đại học Đà Lạt |